<?xml version="1.0" encoding="UTF-8"?>
<collection xmlns="http://www.loc.gov/MARC21/slim">
 <record>
  <leader>01528nas a22003011  4500</leader>
  <controlfield tag="001">1/50244</controlfield>
  <controlfield tag="008">031215c19939999enkqrzp           a0eng d</controlfield>
  <datafield tag="022" ind1=" " ind2=" ">
   <subfield code="a">0966-6923</subfield>
  </datafield>
  <datafield tag="035" ind1=" " ind2=" ">
   <subfield code="l">23426</subfield>
  </datafield>
  <datafield tag="040" ind1=" " ind2=" ">
   <subfield code="a">DLC</subfield>
   <subfield code="b">GR-PeUP</subfield>
  </datafield>
  <datafield tag="090" ind1=" " ind2=" ">
   <subfield code="a">Αλφαβητική σειρά</subfield>
  </datafield>
  <datafield tag="245" ind1="0" ind2="0">
   <subfield code="a">Journal of transport geography</subfield>
  </datafield>
  <datafield tag="260" ind1=" " ind2=" ">
   <subfield code="a">London :</subfield>
   <subfield code="b">Butterworth-Heinemann,</subfield>
   <subfield code="c">1993-</subfield>
  </datafield>
  <datafield tag="300" ind1=" " ind2=" ">
   <subfield code="a">v. :</subfield>
   <subfield code="b">ill. ;</subfield>
   <subfield code="c">28 cm.</subfield>
  </datafield>
  <datafield tag="310" ind1=" " ind2=" ">
   <subfield code="a">Quarterly</subfield>
  </datafield>
  <datafield tag="362" ind1="0" ind2=" ">
   <subfield code="a">Vol.10, no.1(March 2002)-</subfield>
  </datafield>
  <datafield tag="546" ind1=" " ind2=" ">
   <subfield code="a">English</subfield>
  </datafield>
  <datafield tag="535" ind1="0" ind2=" ">
   <subfield code="a">Κλειστό Βιβλιοστάσιο.</subfield>
  </datafield>
  <datafield tag="650" ind1=" " ind2="4">
   <subfield code="a">Transportation</subfield>
   <subfield code="v">Periodicals.</subfield>
  </datafield>
  <datafield tag="650" ind1=" " ind2="4">
   <subfield code="a">Telecommunication</subfield>
   <subfield code="v">Periodicals.</subfield>
  </datafield>
  <datafield tag="852" ind1=" " ind2=" ">
   <subfield code="a">INST</subfield>
   <subfield code="b">UNIPILB</subfield>
   <subfield code="c">SERIALS</subfield>
   <subfield code="e">20050215</subfield>
   <subfield code="h">Αλφαβητική σειρά</subfield>
   <subfield code="p">40031</subfield>
   <subfield code="q">40031</subfield>
   <subfield code="t">NOLOAN</subfield>
   <subfield code="v">vol.10;no.1:(Μήνας)March;(Έτος)2002</subfield>
   <subfield code="y">23</subfield>
  </datafield>
  <datafield tag="852" ind1=" " ind2=" ">
   <subfield code="a">INST</subfield>
   <subfield code="b">UNIPILB</subfield>
   <subfield code="c">SERIALS</subfield>
   <subfield code="e">20050215</subfield>
   <subfield code="h">Αλφαβητική σειρά</subfield>
   <subfield code="p">40032</subfield>
   <subfield code="q">40032</subfield>
   <subfield code="t">NOLOAN</subfield>
   <subfield code="v">vol.10;no.2:(Μήνας)June;(Έτος)2002</subfield>
   <subfield code="y">23</subfield>
  </datafield>
  <datafield tag="852" ind1=" " ind2=" ">
   <subfield code="a">INST</subfield>
   <subfield code="b">UNIPILB</subfield>
   <subfield code="c">SERIALS</subfield>
   <subfield code="e">20050316</subfield>
   <subfield code="h">Αλφαβητική σειρά</subfield>
   <subfield code="p">41443</subfield>
   <subfield code="q">41443</subfield>
   <subfield code="t">NOLOAN</subfield>
   <subfield code="v">vol.10;no.3:(Μήνας)September;(Έτος)2002</subfield>
   <subfield code="y">23</subfield>
  </datafield>
  <datafield tag="852" ind1=" " ind2=" ">
   <subfield code="a">INST</subfield>
   <subfield code="b">UNIPILB</subfield>
   <subfield code="c">SERIALS</subfield>
   <subfield code="e">20050316</subfield>
   <subfield code="h">Αλφαβητική σειρά</subfield>
   <subfield code="p">41444</subfield>
   <subfield code="q">41444</subfield>
   <subfield code="t">NOLOAN</subfield>
   <subfield code="v">vol.10;no.4:(Μήνας)December;(Έτος)2002</subfield>
   <subfield code="y">23</subfield>
  </datafield>
  <datafield tag="856" ind1="4" ind2="1">
   <subfield code="u">http://www.sciencedirect.com/science/journal/09666923</subfield>
  </datafield>
  <datafield tag="900" ind1=" " ind2=" ">
   <subfield code="a">Vol. 11 no. 1 (March 2003)</subfield>
   <subfield code="b">Οφειλόμενο</subfield>
   <subfield code="c">02/04/2006</subfield>
  </datafield>
  <datafield tag="950" ind1=" " ind2=" ">
   <subfield code="a">01/03/2002</subfield>
   <subfield code="c">SWETS INFORMATION SERVICES</subfield>
   <subfield code="d">272</subfield>
  </datafield>
  <datafield tag="951" ind1=" " ind2=" ">
   <subfield code="a">Vol. 10 no. 1 (March 2002) - Vol. 10 no. 4 (December 2002)</subfield>
   <subfield code="b">Main run</subfield>
  </datafield>
 </record>
</collection>
